01435nam a2200193 4500952011600000952012100116999001700237008004100254020001800295050002700313100005000340245008600390260006100476300004600537504013200583505047800715519004101193942000701234 00104070a11b11d2007-01-08l3oPQ8180.17A73 G21 2007 p11 001387r2018-04-23s2018-04-23t1w2012-06-26yLB 00102lcc4070a03b03d2015-06-02l1oPQ8180.17A73 G21 2007 p03 007600r2018-07-24s2018-07-24t1w2015-06-02yLB c96694d96694Librobt20071967sp a|||frn|||01 sspa d a9788420471839 aPQ8180.17A73bG21 2007 aGarcía Márquez, Gabrieleautord1927-2014 aCien Años de Soledadc / Gabriel García Márquezb : Edición Conmemorativa aEspañab : Real Academia Española, Alfaguarac, 2007 acxxxviii, 609 páginasb : ilustraciones aIncluye: índice (p. 609) Incluye: bibliografía (pp. 547-550) Incluye: glosario (pp. 551-596) Incluye: nombres (pp. 597-606) aLo que se de Gabriel Para darle nombre a América Cien años de soledad. realidad total, novela total Gabriel García Márquez, en busca de la verdad poética Algunas literariedades de cien años de soledad Cien años de soledad García Márquez y cien años de soledad en la novela hispano americana Cien años de soledad en la novela hispanoamericana El patio de atrás Cien años de soledad y la narrativa de lo real-maravillosoamericano Atajos de la verdad aMaterial Complementariod(03 007600) cLB